000 01304cam a2200337 i 4500
001 16949025
003 EG-ScBUE
005 20250120092234.0
008 110906t2013 maua f b 001 0 eng d
020 _a0321824083
020 _a9780321824080
040 _aEG-ScBUE
_beng
_erda
_cEG-ScBUE
_dEG-ScBUE
082 0 4 _a530
_222
_bKNI
100 1 _aKnight, Randall Dewey,
_eauthor.
_931055
245 1 0 _aPhysics for scientists and engineers :
_ba strategic approach /
_cRandall D. Knight, California Polytechnic State University, San Luis Obispo.
250 _aThird edition.
250 _aInternational edition.
264 1 _aBoston :
_bPearson,
_c[2013]
264 4 _cc2013
300 _a1 volume (various pagings) :
_billustrations (some color) ;
_c28 cm
336 _2rdacontent
_atext
_btxt
337 _aunmediated
_2rdamedia
_bn
338 _avolume
_bnc
_2rdacarrier
500 _aThis record is related with : Student Workbook for Physics for Scientists and Engineers, a Strategic Approach with Modern Physics and the biblio number is "17055"
504 _aIncludes bibliographical references and index.
650 7 _aPhysics
_vTextbooks.
_2BUEsh
_931056
650 7 _aPhysics
_vProblems, exercises, etc.
_2BUEsh
_931057
653 _cOctober2012
655 _vReading book
942 _2ddc
_cBB
999 _c17054
_d17026